000 00540nam a22001697a 4500
005 20140109155854.0
010 _aENG-109000
020 _a9789351430315
_c295.00
035 _aEN-92533
037 _bDBAD/PUB
082 _a340.59
245 _aLexisNexis short notes & multiple choice questions :
_bMahomedan law
260 _aGurgaon
_bLexis Nexis
_c2013
270 _a14th floor, Building No 10, Tower-B, DLF Cyber City, Phase-ll,
_bGurgaon
_e122002
300 _ax,232p.
_c24cm(pbk)
942 _2ddc
_cEN
_mLEX
_h340.59
999 _c81460
_d81460